[Event "MNT-chT 1st League"]
[Site "Podgorica"]
[Date "2021.05.20"]
[Round "1.4"]
[White "Prijovic, Miodrag"]
[Black "Bulat, Rade"]
[Result "1/2-1/2"]
[WhiteElo "2063"]
[BlackElo "1870"]
[PlyCount "139"]
[EventDate "2021.05.20"]
[EventType "team-tourn"]
[EventRounds "7"]
[EventCountry "MNE"]
[SourceTitle "EXT 2022"]
[Source "ChessBase"]
[SourceDate "2021.10.06"]
[SourceVersion "1"]
[SourceVersionDate "2021.10.06"]
[SourceQuality "1"]

1. d4 e6 2. c4 Bb4+ 3. Bd2 Bxd2+ 4. Nxd2 d5 5. e3 Ne7 6. Ngf3 0-0 7. Rc1 b6 8. cxd5 exd5 9. Qc2 c6 10. Bd3 h6 11. Ne5 Qd6 12. 0-0 c5 13. b3 Be6 14. Qb2 f6 15. Nef3 Nd7 16. Rfe1 Bf5 17. Bxf5 Nxf5 18. Qc2 Ne7 19. e4 Rac8 20. Qd3 cxd4 21. Qxd4 Rxc1 22. Rxc1 Nc5 23. h3 Rd8 24. e5 fxe5 25. Qxe5 Ng6 26. Qd4 Ne6 27. Qa4 Qd7 28. Qxd7 Rxd7 29. Rc6 Nef8 30. Nd4 Ne5 31. Rc8 Kf7 32. f4 Nd3 33. N2f3 Ne6 34. Nxe6 Kxe6 35. Nd4+ Kf7 36. g3 Re7 37. Rd8 Nb4 38. a3 Re4 39. Nf3 Nc2 40. Rxd5 Nxa3 41. Rd7+ Re7 42. Ne5+ Ke6 43. Rd3 Rc7 44. Kf2 g5 45. Ng4 gxf4 46. gxf4 h5 47. Ne3 Nc2 48. Nxc2 Rxc2+ 49. Kg3 Rc5 50. Kf3 Kf5 51. Kg3 a5 52. Rf3 b5 53. Kh4 Ke4 54. Rf1 b4 55. Rf2 Rf5 56. Kg3 Rc5 57. Kh4 Kf5 58. Kxh5 Rc3 59. Kh4 Rxb3 60. Rc2 Kxf4 61. Rc4+ Ke3 62. Kg5 Rc3 63. Rg4 Kd2 64. h4 b3 65. Rg2+ Kc1 66. Rg1+ Kb2 67. h5 Ka2 68. h6 Rh3 69. Rg4 Rxh6 70. Ra4+ 1/2-1/2

[Event "MNT-chT"]
[Site "Ulcinj"]
[Date "2014.09.22"]
[Round "3.6"]
[White "Prijovic, Miodrag"]
[Black "Pejovic, Jovan"]
[Result "1/2-1/2"]
[WhiteElo "2096"]
[BlackElo "2183"]
[PlyCount "21"]
[EventDate "2014.09.20"]
[EventType "team-tourn"]
[EventRounds "9"]
[EventCountry "MNE"]
[SourceTitle "CBM 162 Extra"]
[Source "ChessBase"]
[SourceDate "2014.10.17"]
[SourceVersion "1"]
[SourceVersionDate "2014.10.17"]
[SourceQuality "1"]
[WhiteTeam "Mladost"]
[BlackTeam "Bijela Kruso Niskogradnja"]
[WhiteTeamCountry "MNE"]
[BlackTeamCountry "MNE"]

1. d4 d5 2. Bg5 c6 3. Nf3 Qb6 4. Qc1 Bf5 5. e3 e6 6. c4 Bxb1 7. Rxb1 Bb4+ 8. Nd2 Qa5 9. a3 Bxd2+ 10. Qxd2 Qxd2+ 11. Kxd2 1/2-1/2

[Event "MNT-chT1"]
[Site "Cetinje"]
[Date "2013.09.07"]
[Round "5"]
[White "Markovic, Danko"]
[Black "Prijovic, Miodrag"]
[Result "1/2-1/2"]
[WhiteElo "1908"]
[BlackElo "2120"]
[PlyCount "150"]
[EventDate "2013.08.30"]
[EventType "team-tourn"]
[EventRounds "9"]
[EventCountry "MNE"]
[SourceTitle "CBM 156 Extra"]
[Source "ChessBase"]
[SourceDate "2013.10.22"]
[SourceVersion "1"]
[SourceVersionDate "2013.10.22"]
[SourceQuality "1"]

1. e4 e6 2. d4 d5 3. exd5 exd5 4. c4 Nf6 5. Nf3 Bg4 6. Be2 Be7 7. 0-0 0-0 8. h3 Bh5 9. Nbd2 c6 10. b3 Nbd7 11. Bb2 Re8 12. Rc1 Qc7 13. Re1 Bd6 14. a3 Bf4 15. cxd5 Nxd5 16. b4 N7f6 17. Ne5 Bxe2 18. Rxe2 Nd7 19. Nd3 N7f6 20. Ne5 Nd7 21. Nd3 Kf8 22. Rc2 Rxe2 23. Qxe2 Re8 24. Qf3 Qd6 25. g3 Qg6 26. Kh2 N7f6 27. Nf1 Be3 28. Qd1 Bh6 29. Ne5 Qf5 30. Re2 Nd7 31. Ng4 Bg5 32. Rxe8+ Kxe8 33. Qe2+ Kf8 34. Kg2 f6 35. Ngh2 h5 36. b5 h4 37. bxc6 bxc6 38. Qg4 Qxg4 39. Nxg4 hxg3 40. fxg3 f5 41. Nf2 Bf6 42. g4 c5 43. gxf5 cxd4 44. Kf3 Nc3 45. Nd2 Ke7 46. Nd3 Kd6 47. Nc4+ Kd5 48. Nd2 a5 49. Nf4+ Kd6 50. Nc4+ Kc5 51. Nxa5 Ne5+ 52. Kg3 Kb5 53. Nb3 Nc4 54. Nxd4+ Bxd4 55. Bxc3 Bxc3 56. Nd5 Bd4 57. Kf4 Kc5 58. Nb4 Nxa3 59. Nd3+ Kd6 60. Kg5 Nc4 61. Kg6 Ke7 62. h4 Ne3 63. Nf4 Bf6 64. h5 Ng4 65. Nd5+ Kf8 66. Nf4 Kg8 67. h6 gxh6 68. Kh5 Ne3 69. Kxh6 Kf7 70. Nh3 Nxf5+ 71. Kh5 Ne3 72. Ng5+ Ke7 73. Ne4 Be5 74. Kg6 Ke6 75. Ng5+ Kd5 1/2-1/2

[Event "MNT-chT1"]
[Site "Cetinje"]
[Date "2013.08.31"]
[Round "2"]
[White "Lakusic, Zoran"]
[Black "Prijovic, Miodrag"]
[Result "1/2-1/2"]
[WhiteElo "1655"]
[BlackElo "2120"]
[PlyCount "75"]
[EventDate "2013.08.30"]
[EventType "team-tourn"]
[EventRounds "9"]
[EventCountry "MNE"]
[SourceTitle "CBM 156 Extra"]
[Source "ChessBase"]
[SourceDate "2013.10.22"]
[SourceVersion "1"]
[SourceVersionDate "2013.10.22"]
[SourceQuality "1"]

1. e4 e6 2. Nf3 d5 3. exd5 exd5 4. d4 Nf6 5. Bg5 Be7 6. Bd3 Bg4 7. h3 Bh5 8. g4 Bg6 9. Bxg6 hxg6 10. Bxf6 Bxf6 11. Qe2+ Qe7 12. Qxe7+ Bxe7 13. Nc3 c6 14. 0-0-0 Nd7 15. Rde1 Kf8 16. g5 Bb4 17. a3 Bxc3 18. bxc3 f6 19. h4 Kf7 20. Kd2 Nb6 21. Kd3 Nc4 22. Rb1 b5 23. a4 a6 24. axb5 axb5 25. Nd2 Nd6 26. Rbg1 Nf5 27. Rg4 Ra3 28. gxf6 gxf6 29. f4 Rh5 30. Nb3 Ra8 31. Nd2 Re8 32. Rh3 Re1 33. Nf3 Re3+ 34. Kd2 Re4 35. Ne1 Nh6 36. Rg1 Rxf4 37. Rhg3 Rhxh4 38. Rxg6 1/2-1/2

[Event "MNT-chTA"]
[Site "Cetinje"]
[Date "2012.10.07"]
[Round "9"]
[White "Prijovic, Miodrag"]
[Black "Vesovic, Nebojsa"]
[Result "1-0"]
[WhiteElo "2111"]
[BlackElo "1986"]
[PlyCount "99"]
[EventDate "2012.09.07"]
[EventType "team-tourn"]
[EventRounds "9"]
[EventCountry "MNE"]
[SourceTitle "CBM 150 Extra"]
[Source "ChessBase"]
[SourceDate "2012.10.19"]
[SourceVersion "1"]
[SourceVersionDate "2012.10.19"]
[SourceQuality "1"]

1. d4 Nf6 2. Bg5 Ne4 3. h4 h6 4. Bf4 d6 5. Nd2 Nxd2 6. Qxd2 Nd7 7. Nf3 Nf6 8. e3 g6 9. Bd3 Bg7 10. e4 Bg4 11. Ng1 Bd7 12. f3 Nh5 13. Be3 Ng3 14. Rh2 e5 15. Ne2 Nxe2 16. Bxe2 Qe7 17. d5 f5 18. g3 b6 19. 0-0-0 0-0-0 20. Qb4 Kb8 21. Ba6 Rdf8 22. a4 fxe4 23. fxe4 Bc8 24. Be2 h5 25. Kb1 Bh6 26. Bd2 Rf7 27. a5 Rhf8 28. Be1 Bg4 29. axb6 Bxe2 30. bxa7+ Ka8 31. Rxe2 Qd7 32. Ka2 Rf3 33. Rf2 Rxf2 34. Bxf2 Qc8 35. Bg1 Qa6+ 36. Kb1 Qe2 37. Re1 Qa6 38. Qc3 Kb7 39. b3 c5 40. dxc6+ Qxc6 41. Qb4+ Ka8 42. Rd1 Rc8 43. Qc4 Qxc4 44. bxc4 Rf8 45. Kb2 Rf6 46. c5 Bf8 47. c6 Rf7 48. Bb6 Be7 49. c7 Rf8 50. Rf1 1-0

[Event "MNT-chTA"]
[Site "Cetinje"]
[Date "2012.09.21"]
[Round "4"]
[White "Prijovic, Miodrag"]
[Black "Krstonijevic, Stjepan"]
[Result "1/2-1/2"]
[WhiteElo "2111"]
[BlackElo "2014"]
[PlyCount "84"]
[EventDate "2012.09.07"]
[EventType "team-tourn"]
[EventRounds "9"]
[EventCountry "MNE"]
[SourceTitle "CBM 150 Extra"]
[Source "ChessBase"]
[SourceDate "2012.10.19"]
[SourceVersion "1"]
[SourceVersionDate "2012.10.19"]
[SourceQuality "1"]

1. d4 d5 2. Bg5 c6 3. Nd2 h6 4. Bh4 Qb6 5. Nb3 Bf5 6. e3 Nd7 7. Bd3 Bxd3 8. Qxd3 e5 9. dxe5 Nxe5 10. Qd4 Qxd4 11. exd4 Ng6 12. Bg3 Nf6 13. Ne2 Ne4 14. f3 Nxg3 15. Nxg3 Nf4 16. Kf2 g6 17. Rhe1+ Kd7 18. Rad1 Bd6 19. Ne2 Nxe2 20. Rxe2 Rae8 21. Rde1 b6 22. g3 Rxe2+ 23. Rxe2 Re8 24. Rxe8 Kxe8 25. Nc1 Ke7 26. Ke3 Ke6 27. Nd3 Ke7 28. f4 Ke6 29. b4 Bb8 30. a4 Bd6 31. c3 f6 32. Kf3 Be7 33. g4 Bd6 34. h4 f5 35. g5 h5 36. Ke3 Ke7 37. Kd2 Ke6 38. Kc2 Kd7 39. Kb3 Ke7 40. c4 Ke6 41. Ne5 Bxe5 42. dxe5 d4 1/2-1/2

[Event "MNT-chTA"]
[Site "Cetinje"]
[Date "2012.09.09"]
[Round "3"]
[White "Prijovic, Miodrag"]
[Black "Cerovic, Vukoman"]
[Result "1-0"]
[WhiteElo "2111"]
[BlackElo "1988"]
[PlyCount "47"]
[EventDate "2012.09.07"]
[EventType "team-tourn"]
[EventRounds "9"]
[EventCountry "MNE"]
[SourceTitle "CBM 150 Extra"]
[Source "ChessBase"]
[SourceDate "2012.10.19"]
[SourceVersion "1"]
[SourceVersionDate "2012.10.19"]
[SourceQuality "1"]

1. d4 Nf6 2. Bg5 d5 3. Bxf6 exf6 4. e3 Bd6 5. g3 0-0 6. Bg2 c6 7. Ne2 Re8 8. 0-0 f5 9. Qd3 Na6 10. a3 Nc7 11. c4 dxc4 12. Qxc4 Be6 13. Qd3 Nd5 14. Nbc3 Qd7 15. Nxd5 cxd5 16. Qb3 Bc7 17. Rac1 g5 18. Qxb7 Rec8 19. Nc3 Rcb8 20. Nxd5 Rxb7 21. Nf6+ Kg7 22. Nxd7 Rd8 23. Bxb7 Rxd7 24. d5 1-0

[Event "MNT-chT"]
[Site "Cetinje"]
[Date "2010.09.11"]
[Round "5"]
[White "Scepanovic, Dalibor"]
[Black "Prijovic, Miodrag"]
[Result "1-0"]
[WhiteElo "2066"]
[BlackElo "2132"]
[PlyCount "125"]
[EventDate "2010.08.27"]
[EventType "team-tourn"]
[EventRounds "9"]
[EventCountry "MNE"]
[SourceTitle "CBM 138 Extra"]
[Source "ChessBase"]
[SourceDate "2010.10.29"]
[SourceVersion "1"]
[SourceVersionDate "2010.10.29"]
[SourceQuality "1"]

1. e4 e6 2. d4 d5 3. Nc3 dxe4 4. Nxe4 Nd7 5. Nf3 Ngf6 6. Nxf6+ Nxf6 7. Bd3 c5 8. Bg5 Be7 9. 0-0 0-0 10. c3 cxd4 11. Nxd4 Bd7 12. Qf3 Qc7 13. Qh3 e5 14. Nf5 Bxf5 15. Bxf5 g6 16. Bc2 Nh5 17. Bh6 Rfe8 18. Rae1 Ng7 19. Bb3 Nf5 20. Bc1 Bc5 21. Re4 Rad8 22. Bg5 Be7 23. Bxf7+ Kxf7 24. Qxh7+ Ng7 25. f4 Qb6+ 26. Kh1 Qf2 27. Ree1 Qxe1 28. Rxe1 Rh8 29. Bxe7 Rxh7 30. Bxd8 Ne6 31. Bg5 exf4 32. Bxf4 Rh5 33. Bb8 a6 34. Rd1 Rb5 35. b3 Ke7 36. g4 Rb6 37. c4 Rc6 38. h4 b5 39. cxb5 axb5 40. Rd2 Rc3 41. Kg2 Kf6 42. Rf2+ Ke7 43. g5 Rc8 44. Be5 Rc5 45. Bb2 Rd5 46. Kg3 Rd1 47. Ba3+ Kd7 48. Rf7+ Kc6 49. Rf6 Kd5 50. Rxg6 Rd3+ 51. Kg4 Rd4+ 52. Kg3 Rd3+ 53. Kf2 Rd2+ 54. Ke3 Rxa2 55. Be7 Rh2 56. h5 Rh3+ 57. Kd2 Rxh5 58. Rh6 Nf4 59. Ke3 Rxh6 60. gxh6 Ng6 61. Bf6 Ke6 62. Bg7 Kf7 63. Kd4 1-0

[Event "MNT-chT"]
[Site "Cetinje"]
[Date "2010.08.29"]
[Round "3"]
[White "Cerovic, Zoran"]
[Black "Prijovic, Miodrag"]
[Result "1-0"]
[WhiteElo "2181"]
[BlackElo "2132"]
[PlyCount "53"]
[EventDate "2010.08.27"]
[EventType "team-tourn"]
[EventRounds "9"]
[EventCountry "MNE"]
[SourceTitle "CBM 138 Extra"]
[Source "ChessBase"]
[SourceDate "2010.10.29"]
[SourceVersion "1"]
[SourceVersionDate "2010.10.29"]
[SourceQuality "1"]

1. e4 e6 2. d4 d5 3. exd5 exd5 4. Bd3 Nf6 5. Nf3 Bg4 6. 0-0 Be7 7. Bg5 Nbd7 8. Nbd2 0-0 9. c3 c6 10. Re1 Re8 11. Qc2 Bh5 12. Ne5 Bg6 13. Nxg6 hxg6 14. Nf3 Nf8 15. Ne5 Qc7 16. Re2 c5 17. dxc5 Bxc5 18. Rae1 Ne4 19. Nf3 Nxf2 20. Rxf2 f6 21. Bh4 Rxe1+ 22. Nxe1 Re8 23. Nf3 g5 24. Bg3 Qf7 25. Nd4 Ne6 26. Qa4 b5 27. Bxb5 1-0

[Event "MNT-chT1"]
[Site "Podgorica"]
[Date "2007.09.30"]
[Round "5"]
[White "Mihic, Bojan"]
[Black "Prijovic, Miodrag"]
[Result "1-0"]
[WhiteElo "2377"]
[BlackElo "2135"]
[PlyCount "136"]
[EventDate "2007.08.26"]
[EventType "team-tourn"]
[EventRounds "9"]
[EventCountry "MNE"]
[SourceTitle "EXT 2009"]
[Source "ChessBase"]
[SourceDate "2008.11.26"]
[SourceVersion "1"]
[SourceVersionDate "2008.11.26"]
[SourceQuality "1"]

1. Nf3 Nf6 2. c4 e6 3. g3 d5 4. Bg2 c5 5. 0-0 Be7 6. cxd5 exd5 7. d4 cxd4 8. Nxd4 Nc6 9. Nc3 h6 10. Be3 0-0 11. Rc1 Be6 12. Nxc6 bxc6 13. Na4 Qa5 14. Bc5 Rfe8 15. Qd4 Bd7 16. a3 Bd8 17. e3 Ne4 18. Qd1 Bb6 19. b4 Qa6 20. Bd4 Nd6 21. Nc5 Bxc5 22. Bxc5 Ne4 23. Bxe4 Rxe4 24. f3 Rc4 25. Qd3 Be6 26. Rxc4 Qxc4 27. Qxc4 dxc4 28. Rd1 a5 29. e4 axb4 30. Bxb4 c3 31. Rc1 Bc4 32. Rxc3 Bb5 33. Kf2 Rd8 34. h4 f6 35. f4 Kf7 36. e5 fxe5 37. fxe5 Ke6 38. Bd6 Rd7 39. Ke3 Kd5 40. Rc5+ Ke6 41. Kd4 Ra7 42. Rc3 Ra5 43. Bb4 Ra8 44. Rf3 Rc8 45. Rf8 Rxf8 46. Bxf8 Kf7 47. Bd6 g6 48. Kc5 Ke6 49. Kb4 Kd5 50. a4 Be2 51. a5 g5 52. hxg5 hxg5 53. Kc3 Bc4 54. e6 Kxe6 55. Kxc4 Kxd6 56. g4 Kc7 57. Kc5 Kb7 58. a6+ Kc7 59. a7 Kb7 60. a8Q+ Kxa8 61. Kxc6 Kb8 62. Kd6 Kc8 63. Ke6 Kd8 64. Kf6 Ke8 65. Kxg5 Kf7 66. Kh6 Kg8 67. Kg6 Kh8 68. g5 Kg8 1-0

[Event "MNT-chT 1st"]
[Site "Herceg Novi"]
[Date "2006.10.02"]
[Round "11"]
[White "Cvorovic, Marto"]
[Black "Prijovic, Miodrag"]
[Result "1/2-1/2"]
[WhiteElo "2231"]
[BlackElo "2144"]
[PlyCount "39"]
[EventDate "2006.09.22"]
[EventType "team-tourn"]
[EventRounds "11"]
[EventCountry "MNE"]
[SourceTitle "CBM 114 Extra"]
[Source "ChessBase"]
[SourceDate "2006.11.03"]
[SourceVersion "1"]
[SourceVersionDate "2006.11.03"]
[SourceQuality "1"]

1. e4 e6 2. d3 d5 3. Nd2 dxe4 4. dxe4 e5 5. Ngf3 Bg4 6. h3 Bxf3 7. Qxf3 c6 8. Bc4 Nf6 9. 0-0 Bd6 10. Rd1 0-0 11. Nf1 Qc7 12. Ng3 Nbd7 13. Bg5 h6 14. Bxh6 gxh6 15. Rxd6 Qxd6 16. Nf5 Qd2 17. Ne3 Qd4 18. Nf5 Qd2 19. Ne3 Qd4 20. Nf5 1/2-1/2

[Event "Nis op"]
[Site "Nis"]
[Date "1997.??.??"]
[Round "1"]
[White "Prijovic, Miodrag"]
[Black "Pikula, Dejan"]
[Result "0-1"]
[WhiteElo "2200"]
[BlackElo "2495"]
[PlyCount "64"]
[EventDate "1997.??.??"]
[EventType "swiss"]
[EventRounds "11"]
[EventCountry "YUG"]
[SourceTitle "EXT 2002"]
[Source "ChessBase"]
[SourceDate "2001.11.25"]
[SourceVersion "1"]
[SourceVersionDate "2001.11.25"]
[SourceQuality "1"]

1. d4 Nf6 2. Bg5 e6 3. e4 h6 4. Bxf6 Qxf6 5. Nf3 d6 6. Nbd2 Nd7 7. c3 e5 8. Bd3 Be7 9. Qc2 Nf8 10. d5 g5 11. h3 Ng6 12. g3 h5 13. Qa4+ Kf8 14. Bb5 g4 15. hxg4 hxg4 16. Rxh8+ Qxh8 17. Ng1 Qh2 18. Ne2 Bg5 19. Nf1 Qg2 20. Bd3 Ne7 21. Qc2 Bd7 22. Rd1 Kg7 23. Ne3 Bxe3 24. fxe3 Rh8 25. Kd2 Qf2 26. Rg1 Rh2 27. Qd1 Ng8 28. Qf1 Qf3 29. Qe1 Nf6 30. c4 Nxe4+ 31. Bxe4 Qxe4 32. b3 Bf5 0-1